<?xml version="1.0" encoding="UTF-8"?>
<record
    xmlns:xsi="http://www.w3.org/2001/XMLSchema-instance"
    xsi:schemaLocation="http://www.loc.gov/MARC21/slim http://www.loc.gov/standards/marcxml/schema/MARC21slim.xsd"
    xmlns="http://www.loc.gov/MARC21/slim">

  <leader>02013nam a22002657a 4500</leader>
  <datafield tag="952" ind1=" " ind2=" ">
    <subfield code="0">0</subfield>
    <subfield code="1">0</subfield>
    <subfield code="2">ddc</subfield>
    <subfield code="4">0</subfield>
    <subfield code="7">0</subfield>
    <subfield code="8">EPCF2</subfield>
    <subfield code="a">BABA</subfield>
    <subfield code="b">BABA</subfield>
    <subfield code="c">SALA1</subfield>
    <subfield code="d">2023-12-01</subfield>
    <subfield code="e">DN</subfield>
    <subfield code="o">657.03 A57 2010</subfield>
    <subfield code="p">BABA16090427</subfield>
    <subfield code="t">ej.1</subfield>
    <subfield code="y">BK</subfield>
  </datafield>
  <datafield tag="999" ind1=" " ind2=" ">
    <subfield code="c">352</subfield>
    <subfield code="d">352</subfield>
  </datafield>
  <controlfield tag="001">UTEA</controlfield>
  <controlfield tag="005">20231201202833.0</controlfield>
  <controlfield tag="006">g||||gr||||||01 nz</controlfield>
  <controlfield tag="007">ta</controlfield>
  <controlfield tag="008">160927b        pe||||| |||| 00| 0 spa d</controlfield>
  <datafield tag="040" ind1=" " ind2=" ">
    <subfield code="a">UTEA</subfield>
  </datafield>
  <datafield tag="041" ind1=" " ind2=" ">
    <subfield code="a">Es</subfield>
  </datafield>
  <datafield tag="044" ind1=" " ind2=" ">
    <subfield code="a">PE</subfield>
  </datafield>
  <datafield tag="082" ind1=" " ind2=" ">
    <subfield code="a">657.03</subfield>
    <subfield code="b">A57</subfield>
  </datafield>
  <datafield tag="100" ind1=" " ind2=" ">
    <subfield code="a">Andrade Espinoza, Sim&#xF3;n</subfield>
    <subfield code="c">Docente</subfield>
    <subfield code="e">Autor</subfield>
  </datafield>
  <datafield tag="245" ind1=" " ind2=" ">
    <subfield code="a">Diccionario de Contabilidad</subfield>
    <subfield code="c">Sim&#xF3;n Andrade Espinoza</subfield>
    <subfield code="h">[Impreso]</subfield>
  </datafield>
  <datafield tag="250" ind1=" " ind2=" ">
    <subfield code="a">3a edici&#xF3;n</subfield>
  </datafield>
  <datafield tag="260" ind1=" " ind2=" ">
    <subfield code="a">Lima - Per&#xFA;</subfield>
    <subfield code="b">Andrade</subfield>
    <subfield code="c">2010</subfield>
  </datafield>
  <datafield tag="300" ind1=" " ind2=" ">
    <subfield code="a">638 p&#xE1;ginas.</subfield>
    <subfield code="c">14.9 x 21 cm.</subfield>
  </datafield>
  <datafield tag="505" ind1=" " ind2=" ">
    <subfield code="a">T&#xE9;rminos de contabilidad con la letra A. -- T&#xE9;rminos de contabilidad con la letra B. -- T&#xE9;rminos de contabilidad con la letra C. -- T&#xE9;rminos de contabilidad con la letra D. -- T&#xE9;rminos de contabilidad con la letra E. -- T&#xE9;rminos de contabilidad con la letra F. -- T&#xE9;rminos de contabilidad con la letra G. -- T&#xE9;rminos de contabilidad con la letra H. -- T&#xE9;rminos de contabilidad con la letra I. -- T&#xE9;rminos de contabilidad con la letra J. -- T&#xE9;rminos de contabilidad con la letra K. -- T&#xE9;rminos de contabilidad con la letra L. -- T&#xE9;rminos de contabilidad con la letra M. -- T&#xE9;rminos de contabilidad con la letra N. -- T&#xE9;rminos de contabilidad con la letra O. -- T&#xE9;rminos de contabilidad con la letra P. -- T&#xE9;rminos de contabilidad con la letra Q. -- T&#xE9;rminos de contabilidad con la letra R. -- T&#xE9;rminos de contabilidad con la letra S. -- T&#xE9;rminos de contabilidad con la letra T. -- T&#xE9;rminos de contabilidad con la letra U. -- T&#xE9;rminos de contabilidad con la letra V. -- T&#xE9;rminos de contabilidad con la letra W. -- T&#xE9;rminos de contabilidad con la letra X. -- T&#xE9;rminos de contabilidad con la letra Y. -- T&#xE9;rminos de contabilidad con la letra Z. </subfield>
  </datafield>
  <datafield tag="520" ind1=" " ind2=" ">
    <subfield code="a">Este diccionario brinda todos los significados de las palabras contables.</subfield>
  </datafield>
  <datafield tag="650" ind1=" " ind2="0">
    <subfield code="a">DICCIONARIO DE CONTABILIDAD</subfield>
    <subfield code="9">1988</subfield>
  </datafield>
  <datafield tag="653" ind1=" " ind2=" ">
    <subfield code="a">CONTABILIDAD</subfield>
    <subfield code="a">CIENCIAS CONTABLES</subfield>
    <subfield code="a">DICCIONARIO DE CONTABILIDAD</subfield>
  </datafield>
  <datafield tag="942" ind1=" " ind2=" ">
    <subfield code="2">ddc</subfield>
    <subfield code="c">BK</subfield>
    <subfield code="z">Cirila Celinda Molina Chirinos</subfield>
    <subfield code="e">2023-12-01</subfield>
  </datafield>
</record>
